• 首页
  • 本馆介绍
  • 公告通知
  • 最新文献
  • 馆藏检索
  • 电子资源
  • 读者导购
  • 参考咨询
  • 我的图书馆
  • 登录
  • 详细信息显示
  • 放入我的书架
  • 预约/预借图书
  • 作者相关作品
  • 分类相关作品
  • 丛书相关作品
  • 出版社相关作品

书目信息

  • 表格格式
  • 工作单格式
  • 卡片格式
题名:
禁毒教育读本
    
 
作者: 梁水长 , 梁水长 编写
分册:  
出版信息: 乌鲁木齐   新疆青少年出版社  2005
页数: 120页
开本: 19cm
丛书名: 学生素质教育丛书
单 册:
中图分类: G63
科图分类:
主题词: 禁毒--中学--教材 , 禁毒--小学--教材 , 禁毒
电子资源:
ISBN: 7-5371-3293-3
000 00922oam2 2200301 45
001 012006080901
005 20061217093901.62
010    @a7-5371-3293-3@dCNY12.80
092    @aCN@b501533
100    @a20060809d2005 em y0chiy0120 ea
101 0  @achi
102    @aCN@b650000
105    @ay z 000yy
200 1  @a禁毒教育读本@Ajin du jiao yu du ben@f梁水长编写@Fliang shui chang bian xie
205    @a2版
210    @a乌鲁木齐@c新疆青少年出版社@d2005
215    @a120页@d19cm
225 2  @a学生素质教育丛书
330    @a本书主要介绍了毒品为何物、毒品的分类等,让小读者在阅读的同时,能够提高小读者的素质修养。
461  0 @12001 @a学生素质教育丛书
606 0  @a禁毒@x中学@j教材
606 0  @a禁毒@x小学@j教材
606 0  @a禁毒
690    @aG63@v4
701  0 @a梁水长@9liang shui chang@4编写
701  0 @a梁水长@Aliang shui chang@4编写
801  0 @aCN@bLZJBOOK@c20061217
905    @a10447@dG63@e149:4=2
    
    禁毒教育读本/梁水长编写.-2版.-乌鲁木齐:新疆青少年出版社,2005
    120页;19cm.-(学生素质教育丛书)
    
    
    ISBN 7-5371-3293-3:CNY12.80
    本书主要介绍了毒品为何物、毒品的分类等,让小读者在阅读的同时,能够提高小读者的素质修养。
●
相关链接 在E读中查询图书 在五车中查询图书 在当当中查询图书 在豆瓣中查询图书


正题名:禁毒教育读本     索取号:G63/149:4=2         预约/预借

序号 登录号 条形码 馆藏地/架位号 状态 备注
1 0554952   205549520   第一样本阅览室/ [索取号:G63/149:4=2] 在馆    
2 0554953   205549539   密集书库/ [索取号:G63/149:4=2] 在馆    
3 0554954   205549548   第四借阅区/ [索取号:G63/149:4=2] 在馆    
4 0554955   205549557   密集书库/ [索取号:G63/149:4=2] 在馆    
5 0554956   205549566   第四借阅区/ [索取号:G63/149:4=2] 在馆    
6 0554957   205549575   第四借阅区/ [索取号:G63/149:4=2] 在馆    
7 0554958   205549584   密集书库/ [索取号:G63/149:4=2] 在馆    
8 0554959   205549593   密集书库/ [索取号:G63/149:4=2] 在馆    
唐山师范学院图书馆 欢迎您!
大连网信软件有限公司© 版权所有